<?xml version="1.0" encoding="UTF-8"?>
<record
    xmlns:xsi="http://www.w3.org/2001/XMLSchema-instance"
    xsi:schemaLocation="http://www.loc.gov/MARC21/slim http://www.loc.gov/standards/marcxml/schema/MARC21slim.xsd"
    xmlns="http://www.loc.gov/MARC21/slim">

  <leader>02072cam a2200313 a 4500</leader>
  <controlfield tag="001">16290288</controlfield>
  <controlfield tag="003">OSt</controlfield>
  <controlfield tag="005">20240825121729.0</controlfield>
  <controlfield tag="008">100616r20111992moua     b    001 0 eng  </controlfield>
  <datafield tag="010" ind1=" " ind2=" ">
    <subfield code="a">  2010025666</subfield>
  </datafield>
  <datafield tag="020" ind1=" " ind2=" ">
    <subfield code="a">9780323073516 </subfield>
  </datafield>
  <datafield tag="040" ind1=" " ind2=" ">
    <subfield code="c">LC</subfield>
  </datafield>
  <datafield tag="050" ind1="0" ind2="0">
    <subfield code="a">R898.I57 (7e)</subfield>
  </datafield>
  <datafield tag="100" ind1=" " ind2=" ">
    <subfield code="a">Gurley, LaVerne Tolley :</subfield>
    <subfield code="9">3119</subfield>
  </datafield>
  <datafield tag="245" ind1="0" ind2="0">
    <subfield code="a">Introduction to radiologic technology /</subfield>
    <subfield code="c">[edited by] LaVerne Tolley Gurley, William J. Callaway ; </subfield>
  </datafield>
  <datafield tag="250" ind1=" " ind2=" ">
    <subfield code="a">7th ed.</subfield>
  </datafield>
  <datafield tag="260" ind1=" " ind2=" ">
    <subfield code="a">Maryland Heights, Mossouri :</subfield>
    <subfield code="b">Elsevier/Mosby,</subfield>
    <subfield code="c">[2011].</subfield>
  </datafield>
  <datafield tag="300" ind1=" " ind2=" ">
    <subfield code="a">xii, 291 p. :</subfield>
    <subfield code="b">ill. (some col.) ;</subfield>
  </datafield>
  <datafield tag="500" ind1=" " ind2=" ">
    <subfield code="a">Includes : bibliographical references and index.</subfield>
  </datafield>
  <datafield tag="505" ind1="0" ind2=" ">
    <subfield code="a">Introduction to quality customer service -- Becoming a better student -- Critical thinking skills -- Evolution of health care delivery -- Radiology : a historic perspective -- Radiography education : from classroom to clinic -- The language of medicine -- Imaging equipment  -- Radiographic examinations : diagnosing disease and injury -- Imaging : conventional and digital -- Ethics and professionalism in radiologic technology -- Knowing your patient -- Patient care and management -- Medicolegal considerations -- Organization and operation of the radiology department  -- Economics of radiology -- Quality assurance in radiology  -- Radiation safety and protective measures -- Allied health professions -- The American Registry of Radiologic Technologists -- The Joint Review Committee on Education in Radiologic Technology -- Professional associations -- Specialization in radiologic technology -- Professional development and career advancement  -- Continuing education for the radiologic technologist -- </subfield>
  </datafield>
  <datafield tag="630" ind1=" " ind2=" ">
    <subfield code="v">Radiology</subfield>
    <subfield code="v">Medical - vocational guidance</subfield>
    <subfield code="v">Radiology technologies</subfield>
    <subfield code="v">Technology</subfield>
    <subfield code="9">3120</subfield>
  </datafield>
  <datafield tag="650" ind1=" " ind2="0">
    <subfield code="a">Medical radiology</subfield>
    <subfield code="x">Vocational guidance.</subfield>
    <subfield code="9">3121</subfield>
  </datafield>
  <datafield tag="650" ind1=" " ind2="0">
    <subfield code="a">Radiologic technologists.</subfield>
    <subfield code="9">3122</subfield>
  </datafield>
  <datafield tag="650" ind1="1" ind2="2">
    <subfield code="a">Technology, Radiologic.</subfield>
    <subfield code="9">3088</subfield>
  </datafield>
  <datafield tag="700" ind1="1" ind2=" ">
    <subfield code="a">Gurley, Laverne Tolley,</subfield>
    <subfield code="9">3123</subfield>
  </datafield>
  <datafield tag="700" ind1="1" ind2=" ">
    <subfield code="a">Callaway, William J.</subfield>
    <subfield code="9">3124</subfield>
  </datafield>
  <datafield tag="906" ind1=" " ind2=" ">
    <subfield code="a">7</subfield>
    <subfield code="d">1</subfield>
  </datafield>
  <datafield tag="942" ind1=" " ind2=" ">
    <subfield code="2">lcc</subfield>
    <subfield code="c">BK</subfield>
  </datafield>
  <datafield tag="999" ind1=" " ind2=" ">
    <subfield code="c">10415</subfield>
    <subfield code="d">17915</subfield>
  </datafield>
  <datafield tag="952" ind1=" " ind2=" ">
    <subfield code="0">0</subfield>
    <subfield code="1">0</subfield>
    <subfield code="2">lcc</subfield>
    <subfield code="4">0</subfield>
    <subfield code="7">0</subfield>
    <subfield code="a">WIUC-KL</subfield>
    <subfield code="b">WIUC-KL</subfield>
    <subfield code="c">NURS L.</subfield>
    <subfield code="d">2024-08-20</subfield>
    <subfield code="l">0</subfield>
    <subfield code="o">R898.I57 (7e)</subfield>
    <subfield code="p">KSN/1331/072/24</subfield>
    <subfield code="r">2024-08-25 00:00:00</subfield>
    <subfield code="t">1</subfield>
    <subfield code="w">2024-08-25</subfield>
    <subfield code="y">BK</subfield>
  </datafield>
  <datafield tag="952" ind1=" " ind2=" ">
    <subfield code="0">0</subfield>
    <subfield code="1">0</subfield>
    <subfield code="2">lcc</subfield>
    <subfield code="4">0</subfield>
    <subfield code="7">0</subfield>
    <subfield code="a">WIUC-KL</subfield>
    <subfield code="b">WIUC-KL</subfield>
    <subfield code="c">NURS L.</subfield>
    <subfield code="d">2024-08-20</subfield>
    <subfield code="l">0</subfield>
    <subfield code="o">R898.I571 (7e)</subfield>
    <subfield code="p">KSN/1332/073/24</subfield>
    <subfield code="r">2024-08-25 00:00:00</subfield>
    <subfield code="t">2</subfield>
    <subfield code="w">2024-08-25</subfield>
    <subfield code="y">BK</subfield>
  </datafield>
</record>
